00399 a2200121 4500001001000000005001700010008004100027245008500068100001800153700002100171773006800192999001700260ART_1244320260410161906.0260409a 10aFinite sample properties of estimators for autorregressive moving average models1 aNewbold, Paul1 aAnsley, Craig F.0 tJournal of econometricsg- Vol. 13, NÂș 2 (jun. 1980)wREV11720 c26372d26372